01529nas a2200241Ia 4500001001100000003001000011008004100021040002500062041001300087100002600100210003500126222003500161245008300196250001100279260005000290300001100340310001500351362003600366500037400402501011400776520037400890650002301264R050-S3042IT-CnALBA170116c99999999xx |||||||||||| ||und|| aIT-CnALBAcIT-CnALBA aITALIANO aFALSINI RINALDO, OFM. aRIVISTA DI PASTORALE LITURGICA aRIVISTA DI PASTORALE LITURGICA 0aRIVISTA DI PASTORALE LITURGICA. GENNAIO 1972. ORGANO CAL. NUOVO RITO CRESIMA.  a1a ed. a BRESCIAbQUERINIANA EDIT. LIBR. VESC. c1972 a96 p.  aBIMESTRALE aFascicolo: 50 / Anno: 10 (1972) aD'ACQUINO P. CAPRIOLI A. FAMOSO S. GHIDELLI C. RAQUEZ O. CRESIMA. ANTICO E NUOVO RITO. CONTESTO BIBLICO. ORIENTAMENTI DELL'ATTUALE TEOLOGIA E CRESIMA. PER UNA DEGNA CELEBRAZIONE. CATECHESI, LINEE. CATECUMENATO. NELLA LITURGIA BIZANTINA. SIGILLO SPIRITO SANTO IN DONO. TEMPO DI QUARESIMA, CONVERSIONE. OMELIA, SCHEMI. NOTA BIBLIOGRAFICA. RECENSIONI. INDICE ANNATA 1971.  aSocietà San Paolo EM - Piazza San Paolo, 14 - 12051 ALBA (CN) (non commercial uses only) ® Copyright 2017 aD'ACQUINO P. CAPRIOLI A. FAMOSO S. GHIDELLI C. RAQUEZ O. CRESIMA. ANTICO E NUOVO RITO. CONTESTO BIBLICO. ORIENTAMENTI DELL'ATTUALE TEOLOGIA E CRESIMA. PER UNA DEGNA CELEBRAZIONE. CATECHESI, LINEE. CATECUMENATO. NELLA LITURGIA BIZANTINA. SIGILLO SPIRITO SANTO IN DONO. TEMPO DI QUARESIMA, CONVERSIONE. OMELIA, SCHEMI. NOTA BIBLIOGRAFICA. RECENSIONI. INDICE ANNATA 1971.  aTEOLOGIA PASTORALE